[Event "Ruhrgebiet Verbandsklasse Gruppe 1 1617"]
[Site "Germany"]
[Date "2017.03.12"]
[Round "8.1"]
[White "Cogan, Leonid"]
[Black "Kuipers, Dustin"]
[Result "0-1"]
[WhiteElo "1700"]
[BlackElo "1969"]
[PlyCount "116"]
[EventDate "2016.09.04"]
[EventType "team-tourn"]
[EventRounds "9"]
[EventCountry "GER"]
[SourceTitle "EXT 2022"]
[Source "ChessBase"]
[SourceDate "2021.10.06"]
[SourceVersion "1"]
[SourceVersionDate "2021.10.06"]
[SourceQuality "1"]
[WhiteTeam "Huckarde Westerfilde"]
[BlackTeam "Muelheim Nord IV"]
[WhiteTeamCountry "GER"]
[BlackTeamCountry "GER"]

1. e4 c5 2. Nf3 Nc6 3. Bb5 Nf6 4. Qe2 g6 5. c3 a6 6. Ba4 b5 7. Bc2 e5 8. 0-0 Bg7 9. Rd1 Qc7 10. h3 0-0 11. d3 d6 12. Be3 Bb7 13. Nbd2 Rfe8 14. Rac1 Qe7 15. Bg5 h6 16. Bh4 Rad8 17. Qf1 g5 18. Bg3 Nh5 19. Bh2 Kh8 20. Kh1 Nf4 21. Bxf4 gxf4 22. Qe2 Rg8 23. Nh2 Bc8 24. Rg1 Qg5 25. Qf3 Bf6 26. Bd1 Be6 27. Be2 Be7 28. Qh5 f6 29. Qxg5 fxg5 30. Bh5 a5 31. b3 Ra8 32. Bd1 Kg7 33. c4 Nb4 34. Be2 Nxa2 35. Ra1 Nc3 36. Bh5 b4 37. Nb1 Nxb1 38. Rgxb1 Bd7 39. Bd1 Kg6 40. Kg1 h5 41. f3 Ra7 42. Ra2 Bd8 43. Kf2 Rh8 44. Bc2 Kf6 45. Rba1 Be6 46. Bd1 Rg7 47. Be2 Kf7 48. Rh1 Bd7 49. Bd1 Bb6 50. Bc2 Rhg8 51. Bd1 Kf6 52. Rg1 Bc6 53. Bc2 Ke6 54. Bd1 Ra8 55. Bc2 Rga7 56. g3 fxg3+ 57. Rxg3 Bd8 58. h4 g4 0-1

[Event "Ruhrgebiet Verbandsklasse Gruppe 1 1617"]
[Site "Germany"]
[Date "2017.02.19"]
[Round "7.1"]
[White "Doering, Carsten"]
[Black "Cogan, Leonid"]
[Result "1-0"]
[WhiteElo "1959"]
[BlackElo "1700"]
[PlyCount "69"]
[EventDate "2016.09.04"]
[EventType "team-tourn"]
[EventRounds "9"]
[EventCountry "GER"]
[SourceTitle "EXT 2022"]
[Source "ChessBase"]
[SourceDate "2021.10.06"]
[SourceVersion "1"]
[SourceVersionDate "2021.10.06"]
[SourceQuality "1"]
[WhiteTeam "Hervest Dorsten"]
[BlackTeam "Huckarde Westerfilde"]
[WhiteTeamCountry "GER"]
[BlackTeamCountry "GER"]

1. d4 Nf6 2. c4 e6 3. g3 d5 4. Bg2 b6 5. Nf3 Be7 6. 0-0 0-0 7. Qc2 Bb7 8. Nbd2 Na6 9. Rd1 c5 10. cxd5 exd5 11. a3 Qc8 12. e3 Rd8 13. Nb1 Nc7 14. Nc3 Ne6 15. Bd2 Ne4 16. Be1 Nf6 17. Rac1 cxd4 18. exd4 Ba6 19. Qa4 Qb7 20. Ne5 b5 21. Qa5 Rac8 22. Bf1 Nc7 23. Na2 Na8 24. Nb4 Bxb4 25. Bxb4 Nb6 26. Bxb5 Bxb5 27. Qxb5 a6 28. Qd3 a5 29. Bxa5 Nfd7 30. Qb5 Rxc1 31. Rxc1 Rb8 32. Nxd7 Qxd7 33. Rc6 Rc8 34. Rxc8+ Qxc8 35. Qxb6 1-0

[Event "Ruhrgebiet Verbandsklasse Gruppe 1 1617"]
[Site "Germany"]
[Date "2017.01.29"]
[Round "6.1"]
[White "Cogan, Leonid"]
[Black "Korten, Lando"]
[Result "0-1"]
[WhiteElo "1718"]
[BlackElo "2046"]
[PlyCount "94"]
[EventDate "2016.09.04"]
[EventType "team-tourn"]
[EventRounds "9"]
[EventCountry "GER"]
[SourceTitle "EXT 2022"]
[Source "ChessBase"]
[SourceDate "2021.10.06"]
[SourceVersion "1"]
[SourceVersionDate "2021.10.06"]
[SourceQuality "1"]
[WhiteTeam "Huckarde Westerfilde"]
[BlackTeam "Unna SV"]
[WhiteTeamCountry "GER"]
[BlackTeamCountry "GER"]

1. e4 c5 2. Nf3 d6 3. d4 cxd4 4. Nxd4 Nf6 5. Nc3 a6 6. h3 h5 7. Be3 b5 8. g3 Bb7 9. Bg2 e6 10. a3 Nbd7 11. Nb3 Rc8 12. 0-0 Ne5 13. Nd2 Nc4 14. Nxc4 Rxc4 15. Qd3 Qc8 16. Rfc1 Nd7 17. Nd1 Ne5 18. Qe2 Bxe4 19. Bxe4 Rxe4 20. b3 Nd7 21. c4 Qb7 22. Nc3 Re5 23. f4 Rf5 24. cxb5 axb5 25. Qg2 d5 26. Ne2 Rf6 27. a4 Be7 28. axb5 Nb6 29. Ra6 Bd8 30. Rca1 0-0 31. Ra7 Qb8 32. Qf2 e5 33. Bc5 Re8 34. R1a6 exf4 35. Bxb6 Bxb6 36. Rxb6 Qxb6 37. Qxb6 Rxb6 38. Nxf4 Rxb5 39. Nxh5 Rxb3 40. Rd7 Re2 41. Kf1 Rc2 42. Re7 Rb1+ 43. Re1 Rxe1+ 44. Kxe1 f6 45. Nf4 d4 46. Kd1 Rh2 47. h4 Kf7 0-1

[Event "Ruhrgebiet Verbandsklasse Gruppe 1 1617"]
[Site "Germany"]
[Date "2016.11.27"]
[Round "4.1"]
[White "Prass, Marian"]
[Black "Cogan, Leonid"]
[Result "1-0"]
[WhiteElo "2036"]
[BlackElo "1725"]
[PlyCount "59"]
[EventDate "2016.09.04"]
[EventType "team-tourn"]
[EventRounds "9"]
[EventCountry "GER"]
[SourceTitle "EXT 2022"]
[Source "ChessBase"]
[SourceDate "2021.10.06"]
[SourceVersion "1"]
[SourceVersionDate "2021.10.06"]
[SourceQuality "1"]
[WhiteTeam "Altenessen"]
[BlackTeam "Huckarde Westerfilde"]
[WhiteTeamCountry "GER"]
[BlackTeamCountry "GER"]

1. Nf3 d5 2. g3 b6 3. Bg2 Bb7 4. d4 Nf6 5. 0-0 e6 6. c4 Be7 7. Ne5 0-0 8. Nc3 c5 9. cxd5 exd5 10. dxc5 bxc5 11. Qb3 Nbd7 12. Qxb7 Rb8 13. Nc6 Rxb7 14. Nxd8 Rxd8 15. Nxd5 Nxd5 16. Bxd5 Rb6 17. Rb1 Ne5 18. Be4 Nc4 19. Bd3 Ne5 20. Bc2 Nc4 21. Rd1 Rxd1+ 22. Bxd1 Rd6 23. Bf4 Rd4 24. b3 Nd2 25. Rc1 g5 26. Be3 Rd5 27. Bc2 Bf6 28. Rd1 Bc3 29. Bd3 Ne4 30. Rc1 1-0

[Event "Ruhrgebiet Verbandsklasse Gruppe 1 1617"]
[Site "Germany"]
[Date "2016.09.25"]
[Round "2.1"]
[White "Freisen, Thomas"]
[Black "Cogan, Leonid"]
[Result "1-0"]
[WhiteElo "1934"]
[BlackElo "1725"]
[PlyCount "89"]
[EventDate "2016.09.04"]
[EventType "team-tourn"]
[EventRounds "9"]
[EventCountry "GER"]
[SourceTitle "EXT 2022"]
[Source "ChessBase"]
[SourceDate "2021.10.06"]
[SourceVersion "1"]
[SourceVersionDate "2021.10.06"]
[SourceQuality "1"]
[WhiteTeam "Guennigfeld SV"]
[BlackTeam "Huckarde Westerfilde"]
[WhiteTeamCountry "GER"]
[BlackTeamCountry "GER"]

1. d4 Nf6 2. Nf3 b6 3. g3 Bb7 4. Bg2 e6 5. 0-0 Be7 6. c4 0-0 7. Nc3 d5 8. cxd5 exd5 9. Bf4 Re8 10. Rc1 Na6 11. Qa4 c5 12. Rfd1 Qc8 13. Ng5 h6 14. Bh3 Qc6 15. Qxc6 Bxc6 16. Nf3 Red8 17. Ne5 Bb7 18. Nb5 g5 19. Be3 Ne4 20. Bg2 f5 21. Bh3 g4 22. Bg2 Kg7 23. Nd3 Bc6 24. Nc3 Bf6 25. Nf4 Nc7 26. Nxe4 dxe4 27. Nh5+ Kg6 28. Nxf6 Kxf6 29. dxc5 Nd5 30. cxb6 Bb5 31. Bd4+ Kf7 32. bxa7 Bxe2 33. Rd2 Bd3 34. a3 f4 35. Bf1 Bxf1 36. Kxf1 Rdc8 37. Rdc2 Rxc2 38. Rxc2 e3 39. gxf4 exf2 40. Rc6 h5 41. Kxf2 h4 42. Rh6 h3 43. Rh8 Rxh8 44. Bxh8 Nb6 45. Kg3 1-0

[Event "GER-ch Seniors 21st"]
[Site "Dresden"]
[Date "2009.08.10"]
[Round "9"]
[White "Weller, Friedhelm"]
[Black "Cogan, Leonid"]
[Result "1-0"]
[WhiteElo "1919"]
[BlackElo "1855"]
[PlyCount "103"]
[EventDate "2009.08.03"]
[EventType "swiss"]
[EventRounds "9"]
[EventCountry "GER"]
[SourceTitle "CBM 131 Extra"]
[Source "ChessBase"]
[SourceDate "2009.09.03"]
[SourceVersion "2"]
[SourceVersionDate "2009.09.16"]
[SourceQuality "1"]

1. e4 c5 2. Nc3 g6 3. Nce2 Nc6 4. c3 Bg7 5. Ng3 d6 6. Be2 b6 7. Nf3 Bb7 8. d3 Qd7 9. a3 Nf6 10. h3 Qc7 11. Be3 d5 12. Qc2 0-0 13. 0-0 e5 14. Nh2 d4 15. Bd2 Rad8 16. c4 Bc8 17. f4 Ne8 18. f5 Qe7 19. Nf3 Nd6 20. Rae1 gxf5 21. exf5 f6 22. Nh4 Bd7 23. Bf3 Kh8 24. Bd5 Be8 25. Qd1 Qc7 26. Qf3 Ne7 27. Be6 Ng8 28. Bd5 Ne7 29. Be4 a6 30. Qd1 b5 31. b3 bxc4 32. bxc4 Rb8 33. Qc1 Rb3 34. Rf3 Bf7 35. Bh6 Qa5 36. Nf1 Rfb8 37. Bxg7+ Kxg7 38. Rg3+ Kf8 39. Qh6+ Ke8 40. Re2 Kd7 41. Qxf6 R3b6 42. Qxe5 Rb2 43. Rxb2 Rxb2 44. f6 Nec8 45. Rg7 Qd8 46. Bd5 Qf8 47. Ng3 Kd8 48. Ne4 Qe8 49. Qg5 h6 50. Qf4 Bxd5 51. cxd5 Nxe4 52. f7 1-0

[Event "GER-ch Seniors 21st"]
[Site "Dresden"]
[Date "2009.08.07"]
[Round "5"]
[White "Ollek, Karl Heinz"]
[Black "Cogan, Leonid"]
[Result "1/2-1/2"]
[WhiteElo "1848"]
[BlackElo "1855"]
[PlyCount "104"]
[EventDate "2009.08.03"]
[EventType "swiss"]
[EventRounds "9"]
[EventCountry "GER"]
[SourceTitle "CBM 131 Extra"]
[Source "ChessBase"]
[SourceDate "2009.09.03"]
[SourceVersion "2"]
[SourceVersionDate "2009.09.16"]
[SourceQuality "1"]

1. c4 e5 2. Nc3 Nc6 3. e3 g6 4. Nf3 f5 5. d3 Bg7 6. Be2 Nf6 7. 0-0 d6 8. Rb1 0-0 9. a3 h6 10. Qc2 g5 11. b4 f4 12. b5 Ne7 13. e4 Qe8 14. d4 g4 15. Nh4 Qh5 16. g3 f3 17. Bd3 Ng6 18. Nxg6 Qxg6 19. dxe5 dxe5 20. Nd5 Qh5 21. Re1 Rf7 22. Bb2 Be6 23. Ne3 Nd7 24. c5 c6 25. a4 Qg5 26. Bc1 Qe7 27. Nf5 Bxf5 28. exf5 Rff8 29. Qc4+ Kh8 30. bxc6 bxc6 31. Qe6 Qxe6 32. fxe6 Nxc5 33. Bc4 Rfe8 34. e7 Bf6 35. Ba3 Bxe7 36. Rxe5 Bd6 37. Rxc5 Bxc5 38. Bb2+ Kh7 39. Bd3+ Kg8 40. Bc4+ Kf8 41. Rc1 Bb6 42. a5 Bd8 43. Rd1 Be7 44. Rd4 h5 45. Rf4+ Bf6 46. Rxf6+ Ke7 47. Rxc6 Rac8 48. Ba3+ Kd7 49. Rd6+ Kc7 50. Rd1 Rcd8 51. Rc1 Kb8 52. Rb1+ Kc7 1/2-1/2

[Event "GER-ch Seniors 21st"]
[Site "Dresden"]
[Date "2009.08.03"]
[Round "1"]
[White "Krueger, Bernhard"]
[Black "Cogan, Leonid"]
[Result "1/2-1/2"]
[WhiteElo "1745"]
[BlackElo "1855"]
[PlyCount "30"]
[EventDate "2009.08.03"]
[EventType "swiss"]
[EventRounds "9"]
[EventCountry "GER"]
[SourceTitle "CBM 131 Extra"]
[Source "ChessBase"]
[SourceDate "2009.09.03"]
[SourceVersion "2"]
[SourceVersionDate "2009.09.16"]
[SourceQuality "1"]

1. d4 d5 2. Nf3 Nf6 3. e3 e6 4. Bd3 Be7 5. Nbd2 Nbd7 6. 0-0 0-0 7. Re1 b6 8. e4 dxe4 9. Nxe4 Bb7 10. c3 Re8 11. Qc2 Nf8 12. Bf4 Rc8 13. Rad1 Ng6 14. Bc1 c6 15. Nfg5 Nd5 1/2-1/2

[Event "Dresden ZMD op"]
[Site "Dresden"]
[Date "2009.07.25"]
[Round "1"]
[White "Cogan, Leonid"]
[Black "Womacka, Mathias"]
[Result "0-1"]
[WhiteElo "1855"]
[BlackElo "2436"]
[PlyCount "56"]
[EventDate "2009.07.25"]
[EventType "swiss"]
[EventRounds "9"]
[EventCountry "GER"]
[SourceTitle "CBM 131 Extra"]
[Source "ChessBase"]
[SourceDate "2009.09.03"]
[SourceVersion "2"]
[SourceVersionDate "2009.09.16"]
[SourceQuality "1"]

1. e4 c5 2. Nf3 d6 3. d4 cxd4 4. Nxd4 Nf6 5. Nc3 a6 6. Bc4 e6 7. 0-0 b5 8. Bb3 Be7 9. Be3 0-0 10. f4 b4 11. e5 bxc3 12. exf6 Bxf6 13. bxc3 Bb7 14. g4 g6 15. g5 Bg7 16. Qg4 Qc7 17. c4 Nd7 18. Rad1 e5 19. Nf3 exf4 20. Qxf4 Rae8 21. Bf2 Ne5 22. Nxe5 Rxe5 23. Qg3 Qc6 24. Rd5 Qc8 25. Rxd6 Re4 26. h3 Be5 27. Qd3 Bxd6 28. Qxd6 Qxh3 0-1

[Event "Dresden ZMD op"]
[Site "Dresden"]
[Date "2008.07.19"]
[Round "1"]
[White "Boewer, Roland"]
[Black "Cogan, Leonid"]
[Result "1-0"]
[WhiteElo "2253"]
[BlackElo "1831"]
[PlyCount "91"]
[EventDate "2008.07.19"]
[EventType "swiss"]
[EventRounds "9"]
[EventCountry "GER"]
[SourceTitle "CBM 125 Extra"]
[Source "ChessBase"]
[SourceDate "2008.09.01"]
[SourceVersion "1"]
[SourceVersionDate "2008.09.01"]
[SourceQuality "1"]

1. e4 c5 2. Nf3 e6 3. d3 a6 4. g3 b5 5. Bg2 Bb7 6. 0-0 d6 7. b3 Nd7 8. Bb2 e5 9. Nh4 Ngf6 10. Nd2 g6 11. f4 exf4 12. gxf4 Bg7 13. e5 Nd5 14. Qe1 dxe5 15. c4 Nxf4 16. Rxf4 Bxg2 17. Nxg2 0-0 18. Rf1 f5 19. Qe2 Qc7 20. Rae1 Rae8 21. cxb5 axb5 22. a4 Qb6 23. axb5 Qxb5 24. Ne3 e4 25. Bxg7 Kxg7 26. dxe4 Qxe2 27. Rxe2 fxe4 28. Rxf8 Kxf8 29. Nec4 Nf6 30. Nd6 Rd8 31. N6xe4 Nxe4 32. Nxe4 Re8 33. Kf2 Re5 34. Ke3 Ke7 35. Rc2 Rh5 36. Nxc5 Kd6 37. Ne4+ Ke6 38. b4 Rb5 39. Rc6+ Kd7 40. Rc4 Ke6 41. Kd4 Rd5+ 42. Ke3 Rb5 43. h4 Rh5 44. Ng5+ Kd6 45. b5 h6 46. b6 1-0

[Event "Dresden ZMD op"]
[Site "Dresden"]
[Date "2006.08.06"]
[Round "2"]
[White "Bente, Bjoern"]
[Black "Cogan, Leonid"]
[Result "1-0"]
[WhiteElo "2232"]
[BlackElo "1879"]
[PlyCount "23"]
[EventDate "2006.08.05"]
[EventType "swiss"]
[EventRounds "9"]
[EventCountry "GER"]
[SourceTitle "CBM 113 Extra"]
[Source "ChessBase"]
[SourceDate "2006.09.14"]
[SourceVersion "1"]
[SourceVersionDate "2006.09.14"]
[SourceQuality "1"]

1. d4 f5 2. c4 Nf6 3. Nc3 g6 4. h4 d5 5. h5 Nxh5 6. Rxh5 gxh5 7. e4 Be6 8. Qxh5+ Bf7 9. Qxf5 dxe4 10. Qb5+ Qd7 11. Qxb7 Qc6 12. Qc8# 1-0